Adjudication process systematicland registration in toulamphil commune, baseth district, kampong speu province, ដំណើរការវិនិច្ឆ័យក្នុងការចុះបញ្ជីដីធ្លីមានលក្ខណៈជាប្រព័ន្ធនៅឃុំទួលអំពិល ស្រុុកបសេដ្ឋ ខេត្តកំពង់ស្ពឺ (Record no. 7481)
[ view plain ]
| 000 -LEADER | |
|---|---|
| fixed length control field | 00775nam a22001457a 4500 |
| 003 - CONTROL NUMBER IDENTIFIER | |
| control field | OSt |
| 005 - DATE AND TIME OF LATEST TRANSACTION | |
| control field | 20160310104040.0 |
| 008 - FIXED-LENGTH DATA ELEMENTS--GENERAL INFORMATION | |
| fixed length control field | 160310b xxu||||| |||| 00| 0 eng d |
| 040 ## - CATALOGING SOURCE | |
| Transcribing agency | RUA |
| 082 ## - DEWEY DECIMAL CLASSIFICATION NUMBER | |
| Classification number | LMA KRO 2014 B467 Or.1 |
| 100 ## - MAIN ENTRY--PERSONAL NAME | |
| 9 (RLIN) | 7887 |
| Personal name | KROCH BUNTHOEUN; ក្រូូច ប៊ុនធឿន |
| 245 ## - TITLE STATEMENT | |
| Title | Adjudication process systematicland registration in toulamphil commune, baseth district, kampong speu province, ដំណើរការវិនិច្ឆ័យក្នុងការចុះបញ្ជីដីធ្លីមានលក្ខណៈជាប្រព័ន្ធនៅឃុំទួលអំពិល ស្រុុកបសេដ្ឋ ខេត្តកំពង់ស្ពឺ |
| 300 ## - PHYSICAL DESCRIPTION | |
| Extent | ix,43p. |
| Other physical details | ill. |
| Dimensions | 29cm. |
| 942 ## - ADDED ENTRY ELEMENTS (KOHA) | |
| Source of classification or shelving scheme | |
| Koha item type | LMA |
| Price effective from | Date last seen | Permanent Location | Not for loan | Date acquired | Source of classification or shelving scheme | Koha item type | Lost status | Withdrawn status | Date last checked out | Total Checkouts | Shelving location | Damaged status | Barcode | Current Location | Full call number |
|---|---|---|---|---|---|---|---|---|---|---|---|---|---|---|---|
| 2016-03-10 | 2025-08-13 | Library Block B | 2016-03-10 | LMA | 2025-07-21 | 3 | B467 | RUA056485 | Library Block B | LMA KRO 2014 B467 Or.1 | |||||
| 2016-03-10 | 2022-11-28 | Library Block B | 2016-03-10 | LMA | 2022-11-02 | 1 | B467 | RUA056074 | Library Block B | LMA KRO 2014 B467 Or.2 | |||||
| 2016-03-10 | 2025-02-08 | Library Block B | 2016-03-10 | LMA | 2025-01-10 | 7 | B467 | RUA055742 | Library Block B | LMA KRO 2014 B467 Or.3 | |||||
| 2016-03-10 | 2025-07-11 | Library Block B | 2016-03-10 | LMA | 2025-06-13 | 3 | B467 | RUA055998 | Library Block B | LMA KRO 2014 B467 Or.4 | |||||
| 2016-03-10 | 2025-07-31 | Library Block B | 2016-03-10 | LMA | 2025-07-05 | 3 | B467 | RUA056227 | Library Block B | LMA KRO 2014 B467 Or.5 | |||||
| 2016-03-10 | 2016-03-10 | Library Block B | 2016-03-10 | LMA | B467 | RUA055964 | Library Block B | LMA KRO 2014 B467 Or.6 | |||||||
| 2016-03-10 | 2024-07-23 | Library Block B | 2016-03-10 | LMA | 2024-07-09 | 5 | B467 | RUA055725 | Library Block B | LMA KRO 2014 B467 Or.7 | |||||
| 2016-03-10 | 2025-03-19 | Library Block B | 2016-03-10 | LMA | 2024-09-14 | 3 | B467 | RUA055669 | Library Block B | LMA KRO 2014 B467 Or.8 |